000 00391pab a2200169 454500
008 180718b2011 xxu||||| |||| 00| 0 eng d
100 _aSoni, Rashmi
245 _aInstitute - industry interaction
260 _c2011
300 _ap.3-9.
362 _a13 Jun
650 _aIndustry and education
700 _aSodha, M.S.
773 _aUniversity News
908 _aN
909 _a91759
999 _c91759
_d91759